000 00284nam a22001337a 4500
020 _a978-81-291-4647-2
082 _a425
_bBUR/A
100 _aBURCKMYER,BECKY
245 _aAWESOME GRAMMAR
260 _aNEW DELHI
_bRUPA
300 _a207
650 _aGRAMMAR
_zNEW DELHI
942 _cBK
999 _c3802
_d3802